000 00292nam a2200109Ia 4500
008 200302s9999 xx 000 0 und d
100 _aRory Hyde
245 _aFuture Practice Conversations from the Edge of Architecture
260 _bTaylor &Francis Group
260 _c2012
300 _a279 P.,
999 _c3247
_d3247